[Event "Oberliga Ost-A 1718"]
[Site "Germany"]
[Date "2018.02.25"]
[Round "8.7"]
[White "Fischer, Edwin"]
[Black "Poenisch, Johannes"]
[Result "1/2-1/2"]
[WhiteElo "2112"]
[BlackElo "1961"]
[PlyCount "74"]
[EventDate "2017.10.22"]
[EventType "team-tourn"]
[EventRounds "11"]
[EventCountry "GER"]
[SourceTitle "EXT 2019"]
[Source "ChessBase"]
[SourceDate "2018.10.10"]
[SourceVersion "1"]
[SourceVersionDate "2018.10.10"]
[SourceQuality "1"]
[WhiteTeam "Plauen Koenig"]
[BlackTeam "Coswig TuS"]
[WhiteTeamCountry "GER"]
[BlackTeamCountry "GER"]

1. d4 d5 2. Nf3 Nf6 3. c4 dxc4 4. Qa4+ Nbd7 5. Qxc4 e6 6. g3 c5 7. Bg2 Nb6 8. Qd3 Be7 9. 0-0 0-0 10. Nc3 Nbd5 11. Rd1 cxd4 12. Nxd5 Nxd5 13. Nxd4 a6 14. e4 Nf6 15. Qe2 Qc7 16. Be3 Rd8 17. Rac1 Qb8 18. Nb3 Rxd1+ 19. Qxd1 h6 20. Na5 e5 21. Nc4 Nd7 22. Bh3 b5 23. Na5 Nb6 24. Bxc8 Nxc8 25. Qd7 Bf6 26. Rc7 Ne7 27. Bc5 Ng6 28. Qxf7+ Kh7 29. Nc6 Nh8 30. Nxb8 Nxf7 31. Nd7 Bd8 32. Rb7 Ng5 33. Bd6 Nxe4 34. Bxe5 Kg8 35. Bxg7 Nd6 36. Rb8 Rxb8 37. Nxb8 Kxg7 1/2-1/2

[Event "Oberliga Ost-A 1617"]
[Site "Germany"]
[Date "2016.11.19"]
[Round "2.8"]
[White "Poenisch, Johannes"]
[Black "Kalkhof, Stefan"]
[Result "1/2-1/2"]
[WhiteElo "1988"]
[BlackElo "2195"]
[PlyCount "52"]
[EventDate "2016.10.16"]
[EventType "team-tourn"]
[EventRounds "11"]
[EventCountry "GER"]
[SourceTitle "EXT 2018"]
[Source "ChessBase"]
[SourceDate "2017.10.13"]
[SourceVersion "1"]
[SourceVersionDate "2017.10.13"]
[SourceQuality "1"]
[WhiteTeam "Coswig TuS"]
[BlackTeam "Loeberitz"]
[WhiteTeamCountry "GER"]
[BlackTeamCountry "GER"]

1. e4 e5 2. Nf3 Nc6 3. d4 exd4 4. Nxd4 Nxd4 5. Qxd4 Qf6 6. Be3 Qxd4 7. Bxd4 Ne7 8. Bc4 Nc6 9. Bc3 Bc5 10. Nd2 0-0 11. f3 a6 12. Nb3 Bb4 13. Bxb4 Nxb4 14. Nd4 b5 15. Be2 Bb7 16. a3 Nc6 17. 0-0-0 d6 18. c4 Nxd4 19. Rxd4 Bc6 20. Kd2 Rfb8 21. b3 bxc4 22. Bxc4 Bb5 23. Rc1 Bxc4 24. Rcxc4 Rxb3 25. Rxc7 Rxa3 26. Rxd6 Ra2+ 1/2-1/2

[Event "Oberliga Ost-A 1213"]
[Site "Germany"]
[Date "2013.04.13"]
[Round "10.7"]
[White "Mader, Joerg"]
[Black "Poenisch, Johannes"]
[Result "1-0"]
[WhiteElo "2096"]
[BlackElo "1945"]
[PlyCount "105"]
[EventDate "2012.10.14"]
[EventType "team-tourn"]
[EventRounds "11"]
[EventCountry "GER"]
[SourceTitle "EXT 2014"]
[Source "ChessBase"]
[SourceDate "2013.11.20"]
[SourceVersion "1"]
[SourceVersionDate "2013.11.20"]
[SourceQuality "1"]
[WhiteTeam "Leipzig VfB"]
[BlackTeam "Coswig"]
[WhiteTeamCountry "GER"]
[BlackTeamCountry "GER"]

1. d4 d5 2. c4 dxc4 3. Nc3 Nf6 4. e3 c5 5. Bxc4 cxd4 6. Nf3 Nc6 7. Nxd4 Nxd4 8. Qxd4 Qxd4 9. exd4 a6 10. Bf4 e6 11. f3 Bd7 12. Ne4 Bb4+ 13. Kf2 Nxe4+ 14. fxe4 Rc8 15. Rac1 Ke7 16. d5 b5 17. Bd3 Rxc1 18. Rxc1 Rc8 19. a3 Rxc1 20. Bxc1 Bc5+ 21. Be3 Bxe3+ 22. Kxe3 exd5 23. exd5 h6 24. b4 Kd6 25. Kd4 g5 26. g3 Bg4 27. Be4 f5 28. Bg2 h5 29. h4 gxh4 30. gxh4 Be2 31. Ke3 Bd1 32. Kf4 Bg4 33. Bh1 Bh3 34. Bf3 Bg4 35. Bg2 Ke7 36. Ke5 Kd7 37. Bf1 Bf3 38. Bd3 f4 39. Bf5+ Kd8 40. Be6 Be2 41. Kxf4 Ke7 42. Ke5 Kd8 43. d6 Bf3 44. Bd5 Be2 45. Bb7 Bg4 46. Bxa6 Bd7 47. Kd5 Ke8 48. Kc5 Kd8 49. Bxb5 Bc8 50. d7 Bb7 51. Bc6 Ba6 52. b5 Kc7 53. bxa6 1-0

[Event "Oberliga Ost-A 1213"]
[Site "Germany"]
[Date "2013.03.17"]
[Round "9.8"]
[White "Poenisch, Johannes"]
[Black "Kuna, Ralf Michael"]
[Result "0-1"]
[WhiteElo "1945"]
[BlackElo "2139"]
[PlyCount "78"]
[EventDate "2012.10.14"]
[EventType "team-tourn"]
[EventRounds "11"]
[EventCountry "GER"]
[SourceTitle "EXT 2014"]
[Source "ChessBase"]
[SourceDate "2013.11.20"]
[SourceVersion "1"]
[SourceVersionDate "2013.11.20"]
[SourceQuality "1"]
[WhiteTeam "Coswig"]
[BlackTeam "Magdeburg Rochade"]
[WhiteTeamCountry "GER"]
[BlackTeamCountry "GER"]

1. e4 c6 2. d4 d5 3. exd5 cxd5 4. Bd3 Nc6 5. c3 Nf6 6. h3 g6 7. Nf3 Bf5 8. Bxf5 gxf5 9. Bf4 e6 10. Qc1 Ne4 11. Nbd2 Rc8 12. Nb3 Rg8 13. 0-0 Be7 14. Qe3 Ng5 15. Nxg5 Bxg5 16. Nc5 Bxf4 17. Qxf4 b6 18. Nd3 Qg5 19. Qf3 Na5 20. Rfe1 Nc4 21. Qxd5 Kf8 22. Qb7 Nd6 23. Qf3 Ne4 24. Re2 Qh6 25. Nf4 Rg7 26. Qe3 Kg8 27. Kh2 Kh8 28. f3 Ng3 29. Rd2 Nh5 30. Nd5 f4 31. Qe5 exd5 32. Qxd5 Rcg8 33. Qe4 Ng3 34. Qd3 Qg5 35. Re1 Nf5 36. Ree2 Ne3 37. Kh1 Qg3 38. Rf2 Nxg2 39. Rxg2 Qxh3+ 0-1

[Event "Oberliga Ost-A 1213"]
[Site "Germany"]
[Date "2012.10.14"]
[Round "1.7"]
[White "Rudolf, Matthias"]
[Black "Poenisch, Johannes"]
[Result "1-0"]
[WhiteElo "2124"]
[BlackElo "1945"]
[PlyCount "95"]
[EventDate "2012.10.14"]
[EventType "team-tourn"]
[EventRounds "11"]
[EventCountry "GER"]
[SourceTitle "EXT 2014"]
[Source "ChessBase"]
[SourceDate "2013.11.20"]
[SourceVersion "1"]
[SourceVersionDate "2013.11.20"]
[SourceQuality "1"]
[WhiteTeam "Dresden Gruen Weiss"]
[BlackTeam "Coswig"]
[WhiteTeamCountry "GER"]
[BlackTeamCountry "GER"]

1. e4 c5 2. Nf3 e6 3. d4 cxd4 4. Nxd4 Nf6 5. Nc3 Nc6 6. Ndb5 Bb4 7. a3 Bxc3+ 8. Nxc3 d5 9. exd5 exd5 10. Bd3 0-0 11. 0-0 h6 12. h3 Be6 13. Ne2 Re8 14. Be3 Qd7 15. Nd4 Ne4 16. Qh5 Nxd4 17. Bxd4 Bf5 18. Rad1 a6 19. Qh4 Bg6 20. Qg4 Qxg4 21. hxg4 Re7 22. Rfe1 Rae8 23. f3 Ng5 24. Rxe7 Rxe7 25. Bxg6 fxg6 26. Kf2 Kf7 27. Be3 Ke6 28. Bxg5 hxg5 29. Re1+ Kd6 30. Rxe7 Kxe7 31. Ke3 Ke6 32. Kd4 Kd6 33. b4 b5 34. g3 Ke6 35. Kc5 Ke5 36. c3 Ke6 37. Kb6 Ke5 38. Kxa6 d4 39. cxd4+ Kxd4 40. Kxb5 Ke3 41. a4 Kxf3 42. a5 Kxg4 43. a6 Kxg3 44. a7 Kh2 45. a8Q g4 46. Qh8+ Kg2 47. Qxg7 g3 48. Qxg6 1-0

[Event "Oberliga Ost-A 1112"]
[Site "Germany"]
[Date "2012.02.26"]
[Round "8.7"]
[White "Poenisch, Johannes"]
[Black "Mader, Joerg"]
[Result "1/2-1/2"]
[WhiteElo "1923"]
[BlackElo "2075"]
[PlyCount "64"]
[EventDate "2011.09.25"]
[EventType "team-tourn"]
[EventRounds "11"]
[EventCountry "GER"]
[SourceTitle "EXT 2013"]
[Source "ChessBase"]
[SourceDate "2012.11.22"]
[SourceVersion "1"]
[SourceVersionDate "2012.11.22"]
[SourceQuality "1"]
[WhiteTeam "Coswig"]
[BlackTeam "Leipzig VfB"]
[WhiteTeamCountry "GER"]
[BlackTeamCountry "GER"]

1. e4 e5 2. Nf3 Nf6 3. Nxe5 d6 4. Nf3 Nxe4 5. Nc3 Nxc3 6. dxc3 Be7 7. Be3 Nc6 8. Qd2 Be6 9. Bd3 Qd7 10. 0-0-0 0-0-0 11. Kb1 Kb8 12. Bb5 a6 13. Ba4 b5 14. Bb3 Bf6 15. Bd4 Ne5 16. Bxe5 dxe5 17. Qxd7 Rxd7 18. Bxe6 Rxd1+ 19. Rxd1 fxe6 20. Re1 Rd8 21. a3 Rd5 22. Ka2 a5 23. Re2 Kb7 24. Nd2 Kc6 25. f3 Bg5 26. Ne4 Bf4 27. h3 Rd1 28. Nf2 Rg1 29. Nd3 Kd5 30. b3 c6 31. Kb2 Rd1 32. Nf2 Rd2 1/2-1/2

[Event "Oberliga Ost-A 1112"]
[Site "Germany"]
[Date "2011.12.11"]
[Round "5.7"]
[White "Poenisch, Johannes"]
[Black "Guenther, Christian1111"]
[Result "1/2-1/2"]
[WhiteElo "1923"]
[BlackElo "2130"]
[PlyCount "34"]
[EventDate "2011.09.25"]
[EventType "team-tourn"]
[EventRounds "11"]
[EventCountry "GER"]
[SourceTitle "EXT 2013"]
[Source "ChessBase"]
[SourceDate "2012.11.22"]
[SourceVersion "1"]
[SourceVersionDate "2012.11.22"]
[SourceQuality "1"]
[WhiteTeam "Coswig"]
[BlackTeam "Sangerhausen"]
[WhiteTeamCountry "GER"]
[BlackTeamCountry "GER"]

1. e4 Nf6 2. e5 Nd5 3. d4 d6 4. c4 Nb6 5. exd6 exd6 6. Nc3 Be7 7. Be3 0-0 8. Nf3 Bg4 9. h3 Bh5 10. Bd3 Nc6 11. b3 Re8 12. 0-0 Bf6 13. Be4 Bg6 14. Bxg6 hxg6 15. Rc1 d5 16. c5 Nc8 17. Qd2 Qd7 1/2-1/2

[Event "Sachsen-ch U16"]
[Site "Sebnitz"]
[Date "2009.04.17"]
[Round "6"]
[White "Mueller, Richard"]
[Black "Poenisch, Johannes"]
[Result "1/2-1/2"]
[WhiteElo "1830"]
[BlackElo "1789"]
[PlyCount "28"]
[EventDate "2009.04.14"]
[EventType "swiss"]
[EventRounds "7"]
[EventCountry "GER"]
[SourceTitle "EXT 2010"]
[Source "ChessBase"]
[SourceDate "2010.11.25"]
[SourceVersion "1"]
[SourceVersionDate "2010.11.25"]
[SourceQuality "1"]

1. d4 g6 2. c4 Bg7 3. Nf3 c5 4. d5 d6 5. e4 Bg4 6. Be2 Bxf3 7. Bxf3 Nf6 8. Nc3 0-0 9. 0-0 a6 10. a4 Re8 11. Be2 e6 12. f3 exd5 13. cxd5 Nbd7 14. Qc2 Qc7 1/2-1/2

[Event "Sachsen-ch U16"]
[Site "Sebnitz"]
[Date "2009.04.15"]
[Round "2"]
[White "Moehn, Hans"]
[Black "Poenisch, Johannes"]
[Result "1/2-1/2"]
[WhiteElo "1932"]
[BlackElo "1789"]
[PlyCount "95"]
[EventDate "2009.04.14"]
[EventType "swiss"]
[EventRounds "7"]
[EventCountry "GER"]
[SourceTitle "EXT 2010"]
[Source "ChessBase"]
[SourceDate "2010.11.25"]
[SourceVersion "1"]
[SourceVersionDate "2010.11.25"]
[SourceQuality "1"]

1. e4 c5 2. Nf3 e6 3. d4 cxd4 4. Nxd4 Nf6 5. Nc3 Nc6 6. Ndb5 d6 7. Bf4 e5 8. Bg5 a6 9. Na3 b5 10. Nd5 Be7 11. Bxf6 Bxf6 12. c3 0-0 13. Nc2 Bg5 14. a4 bxa4 15. Rxa4 f5 16. exf5 Bxf5 17. Nce3 Bxe3 18. Nxe3 Be6 19. Bc4 Bxc4 20. Rxc4 Ne7 21. Nd5 Rb8 22. b4 Rc8 23. Rxc8 Nxc8 24. 0-0 Nb6 25. Qb3 Kh8 26. Rd1 h6 27. Ne3 Qf6 28. Rd2 Rc8 29. h3 e4 30. Rd4 d5 31. Nxd5 Nxd5 32. Qxd5 Rxc3 33. Qa8+ Kh7 34. Qxe4+ Kg8 35. Qf4 Qe7 36. Kh2 Rc2 37. Re4 Rxf2 38. Qe3 Qc7+ 39. Kg1 Rf8 40. Re7 Qc4 41. Qe6+ Qxe6 42. Rxe6 Rb8 43. Re4 Rb5 44. g4 a5 45. bxa5 Rxa5 46. h4 Kf7 47. Kg2 Ra3 48. Rf4+ 1/2-1/2

[Event "Sachsen-ch U14"]
[Site "Sebnitz"]
[Date "2006.04.20"]
[Round "4"]
[White "Steinhau, Erik"]
[Black "Poenisch, Johannes"]
[Result "0-1"]
[WhiteElo "1224"]
[BlackElo "1374"]
[PlyCount "62"]
[EventDate "2006.04.18"]
[EventType "swiss"]
[EventRounds "7"]
[EventCountry "GER"]
[SourceTitle "EXT 2007"]
[Source "ChessBase"]
[SourceDate "2006.11.23"]
[SourceVersion "1"]
[SourceVersionDate "2006.11.23"]
[SourceQuality "1"]

1. e4 c5 2. Nf3 e6 3. d4 cxd4 4. Nxd4 Nf6 5. Nc3 Bb4 6. Bd3 Nc6 7. Nf3 0-0 8. Bd2 a6 9. 0-0 b5 10. h3 Bb7 11. e5 Ne8 12. a3 Be7 13. Ne2 f6 14. Be4 Rb8 15. Bxc6 Bxc6 16. exf6 Nxf6 17. Ned4 Bb7 18. Bf4 Rc8 19. c3 Nd5 20. Be5 Nb6 21. Qc2 Nc4 22. Bf4 Rxf4 23. Rfd1 Qe8 24. a4 e5 25. Nf5 Bxf3 26. Nxe7+ Qxe7 27. gxf3 Rcf8 28. Qe2 Rxf3 29. Rd3 Qg5+ 30. Kh2 Rxf2+ 31. Qxf2 Rxf2+ 0-1

[Event "GER-chT U12"]
[Site "Verden"]
[Date "2005.12.27"]
[Round "1.2"]
[White "Poenisch, Johannes"]
[Black "Muehlbayer, Kevin"]
[Result "1/2-1/2"]
[WhiteElo "1268"]
[BlackElo "1428"]
[PlyCount "64"]
[EventDate "2005.12.27"]
[EventType "team-swiss"]
[EventRounds "7"]
[EventCountry "GER"]
[SourceTitle "CBM 110 Extra"]
[Source "ChessBase"]
[SourceDate "2006.03.10"]
[SourceVersion "2"]
[SourceVersionDate "2006.03.10"]
[SourceQuality "1"]

1. e4 c6 2. d4 d5 3. e5 Bf5 4. Bd3 Bxd3 5. Qxd3 Nd7 6. c3 e6 7. Nf3 c5 8. 0-0 cxd4 9. cxd4 Ne7 10. Nc3 Nc6 11. a3 Be7 12. Be3 0-0 13. Nd2 Rc8 14. Rac1 Nb6 15. Ne2 Qd7 16. Rc2 Na5 17. Rfc1 Nac4 18. Nxc4 Nxc4 19. Bf4 a6 20. Ng3 Nb6 21. Nf1 Rxc2 22. Rxc2 Rc8 23. Nd2 Rc6 24. Nb3 Qc8 25. Rxc6 Qxc6 26. g3 Nc4 27. Qc3 h6 28. Nd2 Nxd2 29. Bxd2 Qxc3 30. Bxc3 Kf8 31. Kf1 Ke8 32. Ke2 Kd7 1/2-1/2

[Event "Sachsen-ch U12"]
[Site "Sebnitz"]
[Date "2005.03.30"]
[Round "3"]
[White "Poenisch, Johannes"]
[Black "Paul, Nico"]
[Result "1-0"]
[WhiteElo "1257"]
[BlackElo "1219"]
[PlyCount "79"]
[EventDate "2005.03.29"]
[EventType "swiss"]
[EventRounds "7"]
[EventCountry "GER"]
[SourceTitle "EXT 2007"]
[Source "ChessBase"]
[SourceDate "2006.11.23"]
[SourceVersion "1"]
[SourceVersionDate "2006.11.23"]
[SourceQuality "1"]

1. e4 e5 2. Nf3 Nc6 3. d4 exd4 4. Nxd4 Bc5 5. Nb3 Bb6 6. a4 Qf6 7. Qe2 Nd4 8. Nxd4 Bxd4 9. c3 Bc5 10. Nd2 d6 11. Nb3 b6 12. Nxc5 dxc5 13. Qc2 Bb7 14. Be2 Qe5 15. Bb5+ Ke7 16. Bd3 Nf6 17. f4 Qe6 18. e5 Nd5 19. Bf5 Qh6 20. Qf2 Rad8 21. Bc2 Ba6 22. f5 Qc6 23. Be4 Qd7 24. Bxd5 Qxd5 25. f6+ Ke6 26. Bf4 Qe4+ 27. Qe3 Qxe3+ 28. Bxe3 gxf6 29. exf6 Kxf6 30. a5 Rde8 31. Kf2 Bb5 32. Rhe1 Rd8 33. h4 Kf5 34. axb6 cxb6 35. Rxa7 Rd7 36. Raa1 Kg4 37. Rh1 Rd6 38. Rh3 Rf6+ 39. Rf3 Rxf3+ 40. gxf3+ 1-0

[Event "Sachsen-ch U12"]
[Site "Sebnitz"]
[Date "2005.03.29"]
[Round "1"]
[White "Poenisch, Johannes"]
[Black "Brjakow, Sergej"]
[Result "1-0"]
[WhiteElo "1257"]
[BlackElo "1095"]
[PlyCount "99"]
[EventDate "2005.03.29"]
[EventType "swiss"]
[EventRounds "7"]
[EventCountry "GER"]
[SourceTitle "EXT 2007"]
[Source "ChessBase"]
[SourceDate "2006.11.23"]
[SourceVersion "1"]
[SourceVersionDate "2006.11.23"]
[SourceQuality "1"]

1. e4 e5 2. Nf3 Nc6 3. d4 exd4 4. Nxd4 Bc5 5. Nb3 Qh4 6. Nxc5 Nf6 7. g3 Qh5 8. Qxh5 Nxh5 9. c3 d6 10. Nb3 0-0 11. Bg2 Nf6 12. 0-0 Re8 13. N1d2 Be6 14. Nd4 Nxd4 15. cxd4 d5 16. e5 Nd7 17. b4 b6 18. Ba3 a5 19. Nb3 axb4 20. Bxb4 Ra4 21. a3 c5 22. dxc5 bxc5 23. Nxc5 Nxc5 24. Bxc5 d4 25. Rad1 Bc4 26. Rxd4 Bxf1 27. Rxa4 Bxg2 28. Kxg2 h6 29. Re4 Rc8 30. Bb4 Re8 31. Kf3 Rd8 32. Ke3 Rd1 33. Ke2 Rh1 34. h4 g5 35. hxg5 hxg5 36. e6 fxe6 37. Rxe6 Kf7 38. Re3 Ra1 39. Kf3 Rd1 40. Kg4 Rd5 41. f4 gxf4 42. gxf4 Kf6 43. a4 Rd4 44. Bc3 Kg6 45. Bxd4 Kh7 46. a5 Kh6 47. a6 Kh7 48. a7 Kg6 49. a8Q Kf7 50. Qe8# 1-0